Цифровая компетенция студентов технического вуза; Язык. Общество. Образование

Detalles Bibliográficos
Parent link:Язык. Общество. Образование.— 2022.— [С. 215-218]
Autor Principal: Домарацкая М. П.
Autor Corporativo: Национальный исследовательский Томский политехнический университет Школа базовой инженерной подготовки Отделение иностранных языков
Outros autores: Гончарова Л. А. Любовь Анатольевна (научный руководитель)
Summary:Заглавие с экрана
В статье исследуется проблема компонентного состава цифровой компетенции у студентов технического вуза. Обозначается роль, место в учебном процессе и определяется важность ее развития в условиях глобальной цифровизации.
Idioma:ruso
Publicado: 2022
Series:Традиции и инновации в методике обучения иностранным языкам
Subjects:
Acceso en liña:http://earchive.tpu.ru/handle/11683/74253
Formato: Electrónico Capítulo de libro
KOHA link:https://koha.lib.tpu.ru/cgi-bin/koha/opac-detail.pl?biblionumber=635280

MARC

LEADER 00000naa2a2200000 4500
001 635280
005 20231101133844.0
035 |a (RuTPU)RU\TPU\conf\37126 
035 |a RU\TPU\conf\37123 
090 |a 635280 
100 |a 20221220d2022 k y0rusy50 ca 
101 0 |a rus 
102 |a RU 
105 |a y z 101zy 
135 |a drgn ---uucaa 
181 0 |a i  
182 0 |a b 
200 1 |a Цифровая компетенция студентов технического вуза  |f М. П. Домарацкая  |g науч. рук. Л. А. Гончарова 
203 |a Текст  |c электронный 
225 1 |a Традиции и инновации в методике обучения иностранным языкам 
230 |a 1 компьютерный файл (pdf; 750 Kb) 
300 |a Заглавие с экрана 
320 |a [Библиогр.: с. 217-218 (2 назв.)] 
330 |a В статье исследуется проблема компонентного состава цифровой компетенции у студентов технического вуза. Обозначается роль, место в учебном процессе и определяется важность ее развития в условиях глобальной цифровизации. 
463 0 |0 (RuTPU)RU\TPU\conf\37057  |t Язык. Общество. Образование  |o сборник научных трудов III Международной научно-практической конференции "Лингвистические и культурологические аспекты современного инженерного образования", Томск, 10-12 ноября 2022 г.  |f Национальный исследовательский Томский политехнический университет (ТПУ); гл. ред. Ю. В. Кобенко  |v [С. 215-218]  |d 2022 
610 1 |a электронный ресурс 
610 1 |a труды учёных ТПУ 
610 1 |a цифровые компетенции 
610 1 |a цифровая среда 
610 1 |a электронная образовательная среда 
610 1 |a студенты 
610 1 |a технические вузы 
610 1 |a образование 
700 1 |a Домарацкая  |b М. П. 
702 1 |a Гончарова  |b Л. А.  |c лингвист  |c доцент Томского политехнического университета, кандидат педагогических наук  |f 1982-  |g Любовь Анатольевна  |2 stltpush  |4 727 
712 0 2 |a Национальный исследовательский Томский политехнический университет  |b Школа базовой инженерной подготовки  |b Отделение иностранных языков  |h 8029  |2 stltpush  |3 (RuTPU)RU\TPU\col\23510 
801 2 |a RU  |b 63413507  |c 20221226  |g RCR 
856 4 |u http://earchive.tpu.ru/handle/11683/74253 
942 |c BK